Представление документа в формате RUSMARC

ПолеНазваниеЗначение
  Тип записи c
  Библиографический уровень m
001 Контрольный номер RU/IS/BASE/544186135
005 Дата корректировки 20250520122020.2
100 Данные общей обработки __
a Данные общей обработки 20170330d2007 u y0rusy0189||||ca
101 Язык документа 0_
a Язык текста rus
102 Страна публикации __
a Страна публикации RU
105 Кодированные данные (монография) __
a Кодированные данные (монография) y###||||000|y
200 Заглавие и сведения об ответственности 0_
a Заглавие Хрестоматия для виолончели
b Общее обозначение материала Ноты
f Первые сведения об ответственности сост. И. Волчков
210 Выходные данные 1_
a Место издания Москва
c Издательство Музыка
d Дата издания 2007 -
215 Физическое описание __
d Формат 29 см
225 Серия 1_
a Серия Детская музыкальная школа
e Сведения, относящиеся к заглавию серии 5 кл.
686 Индексы других классификаций __
a Классификационный индекс 85
2 Код системы rubbk
702 Вторичная интеллектуальная ответственность _1
a Фамилия Волчков
b Имя (инициалы) И.
4 Код отношения 220
801 Источник записи _0
a Страна RU
b Организация Ульяновская ОНБ
c Дата составления 20170330
g Правила каталогизации RCR
801 Источник записи _1
a Страна RU
b Организация Ульяновская ОНБ
c Дата составления 20170330
g Правила каталогизации RCR
901 Тип документа __
t Тип документа v
909 Создатель записи __
a Создатель записи Никитина Т. А.
938 Служебная информация __
a Имя БД noti
b Имя библиотеки УОНБ
c Имя АИБС МАРК-SQL
d Номер DOC_ID в БД 16095